|
|
|
|
| LEADER |
00000cam a2200000 c 4500 |
| 001 |
023009535 |
| 003 |
DE-627 |
| 005 |
20260206200928.0 |
| 007 |
tu |
| 008 |
900309s1989 gw ||||| 00| ||ger c |
| 016 |
7 |
|
|a 900408790
|2 DE-101
|
| 020 |
|
|
|a 3570093247
|9 3-570-09324-7
|
| 035 |
|
|
|a (DE-627)023009535
|
| 035 |
|
|
|a (DE-603)01190366X
|
| 035 |
|
|
|a (DE-576)018352855
|
| 035 |
|
|
|a (DE-599)GBV023009535
|
| 035 |
|
|
|a (OCoLC)21268458
|
| 035 |
|
|
|a (AT-OBV)AC00075469
|
| 035 |
|
|
|a (DE-Rt5)1446675
|
| 040 |
|
|
|a DE-627
|b ger
|c DE-627
|e rakwb
|
| 041 |
|
|
|a ger
|
| 044 |
|
|
|c XA-DE
|c XA-CH
|
| 084 |
|
|
|a 63
|a 33
|2 sdnb
|
| 084 |
|
|
|a 1
|2 ssgn
|
| 084 |
|
|
|a XB 3370
|2 rvk
|0 (DE-625)rvk/152454:
|
| 084 |
|
|
|a NQ 2340
|2 rvk
|0 (DE-625)rvk/128253:
|
| 084 |
|
|
|a NW 8800
|2 rvk
|0 (DE-625)rvk/132323:
|
| 084 |
|
|
|a NQ 2360
|2 rvk
|0 (DE-625)rvk/128255:
|
| 084 |
|
|
|a 15.96
|2 bkl
|
| 084 |
|
|
|a 15.43
|2 bkl
|
| 100 |
1 |
|
|a Favez, Jean-Claude
|d 1938-2013
|0 (DE-588)111982235
|0 (DE-627)691133662
|0 (DE-576)165057041
|4 aut
|
| 109 |
|
|
|a Favez, Jean-Claude 1938-2013
|
| 240 |
1 |
4 |
|a Une mission impossible?<dt.>
|
| 245 |
1 |
4 |
|a Das Internationale Rote Kreuz und das Dritte Reich
|b war der Holocaust aufzuhalten?
|c Jean-Claude Favez. Unter Mitarb. von Geneviève Billeter. [Aus dem Franz. von Cornelia Langendorf]
|
| 246 |
1 |
|
|i Nebent.
|a Das IKRK und das Dritte Reich
|
| 246 |
3 |
3 |
|a Das IKRK und das Dritte Reich
|
| 264 |
|
1 |
|a München
|b Bertelsmann [u.a.]
|c 1989
|
| 300 |
|
|
|a 592 S.
|b graph. Darst.
|c 22 cm.
|
| 336 |
|
|
|a Text
|b txt
|2 rdacontent
|
| 337 |
|
|
|a ohne Hilfsmittel zu benutzen
|b n
|2 rdamedia
|
| 338 |
|
|
|a Band
|b nc
|2 rdacarrier
|
| 500 |
|
|
|a Lizenzausg
|
| 505 |
8 |
|
|a Literaturverz. S. 568 - 574
|
| 505 |
8 |
|
|a Literaturverz. S. 568 - 574
|
| 520 |
|
|
|a Jean-Claude Favez, Geneviève Billeter: Das Internationale Rote Kreuz und das Dritte Reich. War der Holocaust aufzuhalten? Aus dem Französischen von Cornelia Langendorf. C. Bertelsmann Verlag, München 1989. 592 Seiten, 68,- DM
|
| 583 |
1 |
|
|a Massenentsäuerung nicht möglich
|c 2020
|k DE-18
|2 pdager
|5 DE-H227
|
| 583 |
1 |
|
|a Archivierung/Langzeitarchivierung gewährleistet
|f SLG
|x XA-DE-BW
|z BfZ
|2 pdager
|5 DE-24
|
| 583 |
1 |
|
|a Archivierung/Langzeitarchivierung gewährleistet
|f SSG
|x XA-DE-BW
|2 pdager
|5 DE-21
|
| 610 |
2 |
7 |
|0 (DE-588)138093-X
|0 (DE-627)102682216
|0 (DE-576)192745077
|a Internationales Rotes Kreuz
|2 gnd
|
| 648 |
|
7 |
|a Geschichte 1933-1945
|2 gnd
|
| 650 |
|
0 |
|a International Committee of the Red Cross
|
| 650 |
|
0 |
|a Holocaust, Jewish (1939-1945
|
| 650 |
|
0 |
|a World War, 1939-1945
|x Jews
|x Rescue
|
| 650 |
|
0 |
|a World War, 1939-1945
|x War work
|x Red cross
|
| 650 |
|
0 |
|a World War, 1939-1945
|x Concentration camps
|
| 650 |
|
0 |
|a World War, 1939-1945
|x Refugees
|
| 650 |
|
2 |
|a International agencies
|a History
|
| 650 |
|
2 |
|a Red Cross
|
| 650 |
0 |
7 |
|0 (DE-588)4075228-8
|0 (DE-627)104522798
|0 (DE-576)209196998
|a Nationalsozialistisches Verbrechen
|2 gnd
|
| 650 |
0 |
7 |
|0 (DE-588)4013021-6
|0 (DE-627)104682922
|0 (DE-576)208901639
|a Drittes Reich
|2 gnd
|
| 650 |
|
4 |
|a Rotes Kreuz/Roter Halbmond
|
| 650 |
|
4 |
|a Holocaust/Judenvernichtung
|
| 650 |
|
4 |
|a Dokumente
|
| 650 |
|
4 |
|a Literaturverzeichnis/Bibliographie
|
| 650 |
|
4 |
|a Red Cross/Red Crescent
|
| 650 |
|
4 |
|a persecution of Jews/Holocaust
|
| 650 |
|
4 |
|a Documents
|
| 650 |
|
4 |
|a Bibliography
|
| 651 |
|
7 |
|0 (DE-588)4011882-4
|0 (DE-627)104704861
|0 (DE-576)208896155
|a Deutschland
|2 gnd
|
| 689 |
0 |
0 |
|d g
|0 (DE-588)4011882-4
|0 (DE-627)104704861
|0 (DE-576)208896155
|a Deutschland
|2 gnd
|
| 689 |
0 |
1 |
|d b
|0 (DE-588)138093-X
|0 (DE-627)102682216
|0 (DE-576)192745077
|a Internationales Rotes Kreuz
|2 gnd
|
| 689 |
0 |
|
|5 DE-101
|
| 689 |
1 |
0 |
|d s
|0 (DE-588)4013021-6
|0 (DE-627)104682922
|0 (DE-576)208901639
|a Drittes Reich
|2 gnd
|
| 689 |
1 |
|
|5 (DE-627)
|
| 689 |
2 |
0 |
|a z
|2 gnd
|a Geschichte
|
| 689 |
2 |
|
|5 (DE-627)
|
| 700 |
1 |
|
|a Billeter, Geneviève
|4 oth
|
| 700 |
1 |
2 |
|a Favez, Jean-Claude
|d 1938-2013
|t Une mission impossible?<dt.>
|
| 700 |
1 |
2 |
|a Favez, Jean-Claude
|d 1938-2013
|t Une mission impossible? Le CICR, les déportations et les camps de concentration nazis <dt.>
|
| 856 |
4 |
2 |
|u http://scans.hebis.de/HEBCGI/show.pl?01190366_toc.pdf
|m V:DE-605
|q application/pdf
|3 Inhaltsverzeichnis
|7 1
|
| 935 |
|
|
|i Blocktest
|
| 935 |
|
|
|h HEB
|i 0501
|
| 935 |
|
|
|h HEB
|i 0503
|
| 936 |
r |
v |
|a XB 3370
|b Medizin während des Nationalsozialismus
|k Medizin
|k Geschichte der Medizin
|k Epochen und Kulturkreise
|k 19. und 20. Jahrhundert
|k Medizin während des Nationalsozialismus
|0 (DE-627)1271622211
|0 (DE-625)rvk/152454:
|0 (DE-576)201622211
|
| 936 |
r |
v |
|a NQ 2340
|b Allgemeines
|k Geschichte
|k Geschichte seit 1918
|k Drittes Reich
|k Innere Geschichte
|k NS-Terror
|k Allgemeines
|0 (DE-627)1270750798
|0 (DE-625)rvk/128253:
|0 (DE-576)200750798
|
| 936 |
r |
v |
|a NW 8800
|b Allgemeines
|k Geschichte
|k Wirtschafts- und Sozialgeschichte
|k Spezielle Sozialgeschichte
|k Sozialpolitik und Fürsorge
|k Allgemeines
|0 (DE-627)1271480530
|0 (DE-625)rvk/132323:
|0 (DE-576)201480530
|
| 936 |
r |
v |
|a NQ 2360
|b Judenverfolgung / Antisemitismus im Dritten Reich (Judenfrage)
|k Geschichte
|k Geschichte seit 1918
|k Drittes Reich
|k Innere Geschichte
|k NS-Terror
|k Judenverfolgung / Antisemitismus im Dritten Reich (Judenfrage)
|0 (DE-627)1270699571
|0 (DE-625)rvk/128255:
|0 (DE-576)200699571
|
| 936 |
b |
k |
|a 15.96
|j Geschichte des jüdischen Volkes außerhalb des Staates Israel
|0 (DE-627)106404660
|
| 936 |
b |
k |
|a 15.43
|j Deutsche Geschichte des 19. Jahrhunderts bis zur Gegenwart
|0 (DE-627)181569701
|
| 936 |
s |
n |
|a n100
|2 mzub
|
| 951 |
|
|
|a BO
|
| ELC |
|
|
|b 1
|
| LOK |
|
|
|0 000 xxxxxcx a22 zn 4500
|
| LOK |
|
|
|0 001 3324834651
|
| LOK |
|
|
|0 003 DE-627
|
| LOK |
|
|
|0 004 023009535
|
| LOK |
|
|
|0 005 20151116135953
|
| LOK |
|
|
|0 008 150728||||||||||||||||ger|||||||
|
| LOK |
|
|
|0 035
|a (DE-21-110)kd6256
|
| LOK |
|
|
|0 040
|a DE-21-110
|c DE-627
|d DE-21-110
|
| LOK |
|
|
|0 689
|a s
|a Judenvernichtung
|
| LOK |
|
|
|0 852
|z Kein Bestand am IfK; Nachweis für KrimDok
|
| LOK |
|
|
|0 852
|a DE-21-110
|
| LOK |
|
|
|0 852 1
|9 00
|
| LOK |
|
|
|0 935
|a k110
|
| LOK |
|
|
|0 939
|a 28-07-15
|b l01
|
| ORI |
|
|
|a SA-MARC-krimdoka001.raw
|
| TIM |
|
|
|a 100019901003_100020261231
|b 1990-10-03 - 2026
|